[Event "Moscow op (Women) 16th"]
[Site "Moscow"]
[Date "2020.01.30"]
[Round "6"]
[White "Levicheva, Ekaterina"]
[Black "Volegova, Polina"]
[Result "0-1"]
[WhiteElo "2012"]
[BlackElo "1780"]
[PlyCount "74"]
[EventDate "2020.01.25"]
[EventType "swiss"]
[EventRounds "9"]
[EventCountry "RUS"]
[SourceTitle "CBM 194 Extra"]
[Source "ChessBase"]
[SourceDate "2020.03.31"]
[SourceVersion "1"]
[SourceVersionDate "2020.03.31"]
[SourceQuality "1"]

1. e4 c5 2. Nf3 Nf6 3. Nc3 d5 4. exd5 Nxd5 5. Bc4 e6 6. 0-0 Nc6 7. d4 Nxc3 8. bxc3 Be7 9. Re1 0-0 10. Bf4 Bf6 11. Be5 Nxe5 12. Nxe5 Qc7 13. Ng4 Be7 14. Bd3 Rd8 15. Re3 cxd4 16. cxd4 f5 17. Ne5 Rxd4 18. Qh5 Bf8 19. Nf3 Rg4 20. Ne5 g6 21. Qh3 Bg7 22. Rae1 Ra4 23. Bb5 Rxa2 24. Qh4 Rxc2 25. Rh3 Bxe5 26. Rxe5 Rc1+ 27. Bf1 b6 28. Qa4 Ba6 29. Qxa6 Qxe5 30. Qb7 Rac8 31. Qxh7+ Kf8 32. Qh6+ Qg7 33. Qd2 Qa1 34. Qd6+ Kf7 35. Rh7+ Kg8 36. Qxe6+ Kxh7 37. Qf7+ Qg7 0-1

[Event "Chigorin Memorial 26th"]
[Site "St Petersburg"]
[Date "2018.11.01"]
[Round "6"]
[White "Levicheva, Ekaterina"]
[Black "Lekhtonen, Yaroslav"]
[Result "1-0"]
[WhiteElo "2004"]
[BlackElo "1639"]
[PlyCount "61"]
[EventDate "2018.10.27"]
[EventType "swiss"]
[EventRounds "9"]
[EventCountry "RUS"]
[SourceTitle "CBM 187 Extra"]
[Source "ChessBase"]
[SourceDate "2018.11.04"]
[SourceVersion "1"]
[SourceVersionDate "2018.11.04"]
[SourceQuality "1"]

1. Nf3 d5 2. g3 c6 3. Bg2 Nf6 4. 0-0 Bf5 5. d3 e6 6. Nbd2 Be7 7. Qe1 h6 8. e4 Bh7 9. Qe2 0-0 10. Ne1 Qb6 11. Kh1 dxe4 12. dxe4 e5 13. Nd3 Nbd7 14. b3 Rfe8 15. Nc4 Qc7 16. Bb2 Bf8 17. f3 Nb6 18. Ndxe5 Nfd7 19. Nxd7 Nxd7 20. Ne3 Bd6 21. Rad1 Rad8 22. Rd2 Be5 23. Bxe5 Nxe5 24. Rfd1 Qa5 25. a4 Qb6 26. f4 Ng6 27. Nc4 Qc7 28. Nd6 Re6 29. Nf5 Rxd2 30. Qxd2 Nf8 31. Nd6 1-0

[Event "Chigorin Memorial 26th"]
[Site "St Petersburg"]
[Date "2018.10.29"]
[Round "3"]
[White "Tsaruk, Maksim"]
[Black "Levicheva, Ekaterina"]
[Result "1-0"]
[WhiteElo "2215"]
[BlackElo "2004"]
[PlyCount "47"]
[EventDate "2018.10.27"]
[EventType "swiss"]
[EventRounds "9"]
[EventCountry "RUS"]
[SourceTitle "CBM 187 Extra"]
[Source "ChessBase"]
[SourceDate "2018.11.04"]
[SourceVersion "1"]
[SourceVersionDate "2018.11.04"]
[SourceQuality "1"]

1. e4 e6 2. d4 d5 3. Nd2 Nf6 4. e5 Nfd7 5. c3 c5 6. f4 Nc6 7. Ndf3 Be7 8. Bd3 Qc7 9. Ne2 f6 10. 0-0 Nf8 11. f5 fxe5 12. Nxe5 Nxe5 13. Bf4 Bd6 14. dxe5 Bxe5 15. Bxe5 Qxe5 16. Nf4 Kd8 17. Qf3 g5 18. fxe6 Nxe6 19. Rae1 Nd4 20. Qg3 Qg7 21. cxd4 Qxd4+ 22. Kh1 gxf4 23. Rxf4 Qxb2 24. Rf7 1-0

[Event "Chigorin Memorial 26th"]
[Site "St Petersburg"]
[Date "2018.10.28"]
[Round "2"]
[White "Levicheva, Ekaterina"]
[Black "Shevtsova, Stefania"]
[Result "1-0"]
[WhiteElo "2004"]
[BlackElo "1553"]
[PlyCount "79"]
[EventDate "2018.10.27"]
[EventType "swiss"]
[EventRounds "9"]
[EventCountry "RUS"]
[SourceTitle "CBM 187 Extra"]
[Source "ChessBase"]
[SourceDate "2018.11.04"]
[SourceVersion "1"]
[SourceVersionDate "2018.11.04"]
[SourceQuality "1"]

1. e4 c6 2. d4 d5 3. Nc3 dxe4 4. Nxe4 Nf6 5. Ng3 g6 6. c3 Bg7 7. Bc4 0-0 8. N1e2 Nbd7 9. h4 e5 10. h5 Nb6 11. Bb3 exd4 12. hxg6 hxg6 13. cxd4 Re8 14. Bg5 Be6 15. Bxe6 Rxe6 16. Kf1 Nbd5 17. Qd2 Qe7 18. a3 Re8 19. Re1 Qd6 20. f3 c5 21. Bh6 Ne3+ 22. Bxe3 Rxe3 23. Rh4 b6 24. Rd1 cxd4 25. Rxd4 Qe5 26. Rd8 Bh6 27. Rxe8+ Qxe8 28. Qd4 Bg7 29. Qc4 Nd7 30. Ne4 Bxb2 31. Qc7 Nf8 32. Kf2 Rxa3 33. Rd8 Qe6 34. Qb8 Bg7 35. Re8 Qc6 36. Rc8 Qa4 37. Qd6 Kh7 38. Rxf8 Bxf8 39. Qxf8 Qc6 40. Qxa3 1-0

[Event "Voronezh op-B 22nd"]
[Site "Voronezh"]
[Date "2018.06.18"]
[Round "7"]
[White "Savoskin, Vladimir"]
[Black "Levicheva, Ekaterina"]
[Result "1-0"]
[WhiteElo "1743"]
[BlackElo "1908"]
[PlyCount "73"]
[EventDate "2018.06.12"]
[EventType "swiss"]
[EventRounds "9"]
[EventCountry "RUS"]
[SourceTitle "CBM 185 Extra"]
[Source "ChessBase"]
[SourceDate "2018.07.29"]
[SourceVersion "1"]
[SourceVersionDate "2018.07.29"]
[SourceQuality "1"]

1. b3 e5 2. Bb2 Nc6 3. e3 d5 4. Nf3 Bd6 5. Bb5 Qe7 6. 0-0 Nf6 7. d4 e4 8. Ne5 Bd7 9. Bxc6 bxc6 10. c4 h5 11. f4 Ng4 12. Qe1 Bxe5 13. dxe5 h4 14. cxd5 cxd5 15. Ba3 c5 16. Nc3 Bc6 17. Qe2 Nxe3 18. Qxe3 d4 19. Qc1 dxc3 20. Qxc3 h3 21. Bxc5 Qe6 22. f5 Qh6 23. Be3 g5 24. Bxg5 hxg2 25. Bxh6 gxf1Q+ 26. Rxf1 Rxh6 27. f6 Rg6+ 28. Kf2 Kf8 29. Qxc6 Re8 30. Rg1 e3+ 31. Kf1 e2+ 32. Kxe2 Rxe5+ 33. Kd3 Rxg1 34. Qc8+ Re8 35. Qc5+ Re7 36. fxe7+ Ke8 37. Qxg1 1-0

[Event "Voronezh op-B 22nd"]
[Site "Voronezh"]
[Date "2018.06.17"]
[Round "6"]
[White "Levicheva, Ekaterina"]
[Black "Abramov, Ilya1111"]
[Result "0-1"]
[WhiteElo "1908"]
[BlackElo "2089"]
[PlyCount "75"]
[EventDate "2018.06.12"]
[EventType "swiss"]
[EventRounds "9"]
[EventCountry "RUS"]
[SourceTitle "CBM 185 Extra"]
[Source "ChessBase"]
[SourceDate "2018.07.29"]
[SourceVersion "1"]
[SourceVersionDate "2018.07.29"]
[SourceQuality "1"]

1. Nf3 f5 2. g3 Nf6 3. Bg2 d6 4. d4 g6 5. c4 Bg7 6. Nc3 0-0 7. 0-0 Qe8 8. d5 a5 9. Nd4 Na6 10. Rb1 Qf7 11. Ncb5 Rb8 12. Bd2 e5 13. dxe6 Bxe6 14. b3 b6 15. Be3 Nc5 16. Nc6 Rbe8 17. Bxc5 dxc5 18. Ne5 Qe7 19. f4 Ne4 20. Bxe4 fxe4 21. Nc3 Bxe5 22. fxe5 Qg5 23. Rxf8+ Rxf8 24. Qc1 Qxe5 25. Qe3 Qd4 26. Qxd4 cxd4 27. Nb5 c5 28. Nc7 Bg4 29. e3 d3 30. Nd5 d2 31. Nc3 Rd8 32. Nd1 Rd3 33. Kf2 Bf3 34. h3 a4 35. bxa4 Ra3 36. a5 bxa5 37. Kf1 Rxa2 38. Nc3 0-1

[Event "Voronezh op-B 22nd"]
[Site "Voronezh"]
[Date "2018.06.13"]
[Round "2"]
[White "Yakimenko, Andrey"]
[Black "Levicheva, Ekaterina"]
[Result "1/2-1/2"]
[WhiteElo "1977"]
[BlackElo "1908"]
[PlyCount "113"]
[EventDate "2018.06.12"]
[EventType "swiss"]
[EventRounds "9"]
[EventCountry "RUS"]
[SourceTitle "CBM 185 Extra"]
[Source "ChessBase"]
[SourceDate "2018.07.29"]
[SourceVersion "1"]
[SourceVersionDate "2018.07.29"]
[SourceQuality "1"]

1. e4 e6 2. d4 d5 3. Nc3 Nf6 4. Bg5 Be7 5. e5 Nfd7 6. h4 f6 7. exf6 Nxf6 8. Bd3 Nbd7 9. Qe2 Nf8 10. 0-0-0 c6 11. Nf3 Bd7 12. Ne5 Rg8 13. Bxf6 Bxf6 14. Bxh7 Nxh7 15. Qh5+ Ke7 16. Qxh7 Bxe5 17. dxe5 Qf8 18. Qh5 Qf4+ 19. Kb1 Raf8 20. Rhf1 Rh8 21. Qe2 Qxh4 22. Qe3 b6 23. g3 Qh5 24. Ne2 Rf3 25. Qd2 g5 26. Nd4 Rf7 27. f4 gxf4 28. gxf4 c5 29. Ne2 Bb5 30. Rf2 Bxe2 31. Rxe2 Rhf8 32. Rf1 Qh3 33. Ref2 Rf5 34. a4 Qh5 35. Qd3 Qe8 36. Qa6 Qd7 37. a5 b5 38. b3 c4 39. bxc4 bxc4 40. Kc1 c3 41. Kd1 Qc7 42. Ke2 Rb8 43. Rh2 Rb4 44. Rh7+ Rf7 45. Rxf7+ Kxf7 46. Kd3 Qc5 47. Ke2 Re4+ 48. Kf3 Qe3+ 49. Kg4 Rc4 50. Qb7+ Kg6 51. Qe7 Qe2+ 52. Rf3 Qxe5 53. Qe8+ Kg7 54. Qe7+ Kg8 55. Qe8+ Kg7 56. Qe7+ Kg8 57. Qe8+ 1/2-1/2